|
|
|
|
| LEADER |
01010nam a2200325 4500 |
| 001 |
DLU090094790 |
| 005 |
##20091201 |
| 040 |
# |
# |
|a DLU
|b eng
|
| 041 |
# |
# |
|a eng
|
| 044 |
# |
# |
|a us
|
| 100 |
# |
# |
|a Propato, Marco.
|
| 245 |
# |
# |
|a Vulnerability of water distribution systems to pathogen intrusion : How effective is a disinfectant residual ? /
|c Marco Propato, James G. Uber.
|
| 653 |
# |
# |
|a Biological contamination
|
| 653 |
# |
# |
|a Drinking water treatment
|
| 653 |
# |
# |
|a Persistence
|
| 653 |
# |
# |
|a Public health
|
| 653 |
# |
# |
|a Risk assessment
|
| 653 |
# |
# |
|a Vulnerability
|
| 653 |
# |
# |
|a Water pollution
|
| 700 |
# |
# |
|a Uber, James G.
|
| 773 |
# |
# |
|t Environmental Science & Technology
|g Vol. 38, no. 13 (July 2004), p. 3713-3722
|
| 920 |
# |
# |
|a Phòng Tạp chí -- Trung tâm Thông tin - Thư viện Trường Đại học Đà Lạt
|
| 994 |
# |
# |
|a DLU
|
| 900 |
# |
# |
|a True
|
| 911 |
# |
# |
|a Trương Bảo Trâm Anh
|
| 925 |
# |
# |
|a G
|
| 926 |
# |
# |
|a A
|
| 927 |
# |
# |
|a BB
|
| 980 |
# |
# |
|a Thư viện Trường Đại học Đà Lạt
|